Land revenue policy in North India: the ceded and conquered provinces, 1801-33 (Record no. 368876)

000 -LEADER
fixed length control field 00398cam a22001217a 4500
008 - FIXED-LENGTH DATA ELEMENTS--GENERAL INFORMATION
fixed length control field 180718b1967 xxu||||| |||| 00| 0 eng d
082 ## - DEWEY DECIMAL CLASSIFICATION NUMBER
Classification number Y15x5406 H95
100 ## - MAIN ENTRY--PERSONAL NAME
Personal name Husain, Imtiaz
245 ## - TITLE STATEMENT
Title Land revenue policy in North India: the ceded and conquered provinces, 1801-33
Statement of responsibility, etc. by Imtiaz Husain
260 ## - PUBLICATION, DISTRIBUTION, ETC.
Place of publication, distribution, etc. Calcutta
Name of publisher, distributor, etc. New Age
Date of publication, distribution, etc. 1967
300 ## - PHYSICAL DESCRIPTION
Extent 298p.
650 ## - SUBJECT ADDED ENTRY--TOPICAL TERM
Topical term or geographic name entry element Land value taxation --India --History
Holdings
Withdrawn status Lost status Damaged status Not for loan Permanent Location Current Location Date acquired Full call number Barcode Date last seen Price effective from Koha item type
        Indian Institute of Public Administration Indian Institute of Public Administration 1994-05-27 Y15x5406 H95 41210 2018-07-21 2018-07-21 Book

Powered by Koha